| 000 | 00560nam a22001937a 4500 | ||
|---|---|---|---|
| 005 | 20171109151424.0 | ||
| 010 | _aENG-121293 | ||
| 020 |
_a9789387225039 _c1295.00 |
||
| 035 | _aEN-104825 | ||
| 037 | _bDBAD/PUB | ||
| 082 | _a658.8342 | ||
| 100 | _aMohan, Sangeeta | ||
| 245 |
_aConsumer behavior / _cedited by Sangeeta Mohan |
||
| 260 |
_aAgra _bSunjoy _c2017 |
||
| 270 |
_aB-51, Kamla Nagar _bAgra (U.P) _e282005 |
||
| 300 |
_aviii,252p. _c23cm(Hb) |
||
| 500 | _aIncludes bibliographical and index | ||
| 942 |
_2ddc _cEN _h658.8342 _mMOH |
||
| 999 |
_c147272 _d147272 |
||